000 00629nam 22001813 4500
001 200385
090 _a200385
100 _a20260204d u||y0pory50 ba
200 _aA cultura do arroz
_fManuel Vianna e Silva
210 _aLisboa
_cLivraria Clássica Editora
_dimp. 1983
215 _a247 p.
_cil. ; brochado
_d23 cm
225 _aTécnica agrária
_h1
606 _91219
_aAgricultura. Ciências agrárias e técnicas relacionadas. Silvicultura. Explorações agrícolas. Exploração da vida selvagem
675 _a63
_vPT
_zpor
700 _916190
_aSilva
_bManuel Vianna e
801 _aPT
_bBMMN
_gRPC
830 _cVanda
990 _cLIVROS